Central Library OPAC University of Rajshahi

Indian war economy: supply, industry & finance / (Record no. 24189)

MARC details
000 -LEADER
fixed length control field 00792cam a2200253u 4500
001 - CONTROL NUMBER
control field 24189
003 - CONTROL NUMBER IDENTIFIER
rucl marc code BD-RjUL
005 - DATE AND TIME OF LATEST TRANSACTION
control field 20211209001023.0
008 - FIXED-LENGTH DATA ELEMENTS--GENERAL INFORMATION
fixed length control field 140312s1962 ii 001 0 eng
035 ## - SYSTEM CONTROL NUMBER
System control number (BD-RjUL)24255
040 ## - CATALOGING SOURCE
Original cataloging agency DLC
Transcribing agency CarP
Modifying agency DLC
-- BD-RjUL
Language of cataloging eng
041 ## - LANGUAGE CODE
Language code of text/sound track or separate title eng
082 ## - DEWEY DECIMAL CLASSIFICATION NUMBER
Classification number 940.5354
Author mark and year SII
100 1# - MAIN ENTRY--PERSONAL NAME
Personal name Sinha, Nirmal Chandra.
9 (RLIN) 74514
245 10 - TITLE STATEMENT
Title Indian war economy: supply, industry & finance /
Statement of responsibility, etc. Nirmal Chandra,Sinha
260 ## - PUBLICATION, DISTRIBUTION, ETC. (IMPRINT)
Place of publication, distribution, etc. Delhi :
Name of publisher, distributor, etc. Combined Inter-services Historical Section, India & Pakistan;
Date of publication, distribution, etc. 1962.
300 ## - PHYSICAL DESCRIPTION
Pagination xxvii,551 p. ;
Size 24cm.
504 ## - BIBLIOGRAPHY, ETC. NOTE
Bibliography, etc Includes index.
650 ## - SUBJECT ADDED ENTRY--TOPICAL TERM
Topical term or geographic name as entry element India -- Defenses.
9 (RLIN) 74515
700 1# - ADDED ENTRY--PERSONAL NAME
Personal name Khera, P. N., [from old catalog]
Relator term joint author.
942 ## - ADDED ENTRY ELEMENTS (KOHA)
Source of classification or shelving scheme Dewey Decimal Classification
Koha item type Books
Holdings
Lost status Source of classification or shelving scheme Damaged status Not for loan Collection code Permanent Location Current Location Shelving location Date acquired Source of acquisition Cost, normal purchase price Total Checkouts Full call number Date last seen Copy number Koha item type
  Dewey Decimal Classification   Added to bundle Non-fiction Central Library, University of Rajshahi Central Library, University of Rajshahi Reading Room 27/03/1965 Book Center 35.75   940.5354 SII 1962 12/03/2014 C-1 Books